| 000 | 01008nam a22001817a 4500 | ||
|---|---|---|---|
| 999 |
_c64144 _d64144 |
||
| 003 | Ge_BSU | ||
| 005 | 20260416112444.0 | ||
| 008 | 260416s1973 ge ||||| |||| 00| 0 geo d | ||
| 041 | _ageo | ||
| 080 | _a338.45(479.22) :911.3:338.45(479.22) ჭ-42 | ||
| 245 |
_aჭიათურა-ზესტაფონის სამრეწველო კვანძი / _cრედ.: თ. დავითაია; გეოგრაფიის ინ-ტი. |
||
| 264 |
_aთბილისი : _bმეცნიერება, _c1973. |
||
| 300 |
_a179 გვ. ; _b21 სმ. |
||
| 653 | _aსაქართველოს მრეწველობის ეკონომიკა | ||
| 700 |
_aდავითაია, თ. _eრედაქტორი _924536 |
||
| 710 |
_aსაქ. სსრ მეცნიერებათა აკადემია _bვახუშტის სახ. გეოგრაფიის ინსტიტუტი. _927327 |
||
| 942 |
_2udc _cᲬᲘᲒᲜᲘ |
||